000 00472nam a2200145 4500
999 _c16023
_d16023
008 210208b ||||| |||| 00| 0 eng d
022 _a0732-8435
082 _aDPer 657.05 C33 Feb - Aug 2012, v. 82
100 _aSchneider, William Bruce.
_942963
245 _aRethinking the audit/
_cWilliam Bruce Schneider.
260 _aNew York:
_bThe New York State Society of CPA,
_c©2012.
300 _av82 n8, page 19;
_c28 cm.
650 _aAuditing.
_942964
942 _2ddc
_cPER